The conqueror's lady : (Record no. 76888)
[ view plain ]
| 000 -LEADER | |
|---|---|
| fixed length control field | 00944nam a2200289 a 4500 |
| 001 - CONTROL NUMBER | |
| control field | 76888 |
| 003 - CONTROL NUMBER IDENTIFIER | |
| rucl marc code | BD-RjUL |
| 005 - DATE AND TIME OF LATEST TRANSACTION | |
| control field | 20211209082912.0 |
| 008 - FIXED-LENGTH DATA ELEMENTS--GENERAL INFORMATION | |
| fixed length control field | 200203s1930 nyu 000 0 eng |
| 035 ## - SYSTEM CONTROL NUMBER | |
| System control number | (BD-RjUL)77112 |
| System control number | (OCoLC)1343677 |
| 040 ## - CATALOGING SOURCE | |
| Original cataloging agency | DLC |
| Transcribing agency | OKentU |
| Modifying agency | OU |
| -- | DLC |
| -- | BD-RjUL |
| Language of cataloging | eng |
| 041 ## - LANGUAGE CODE | |
| Language code of text/sound track or separate title | eng |
| 042 ## - AUTHENTICATION CODE | |
| Authentication code | premarc |
| 082 ## - DEWEY DECIMAL CLASSIFICATION NUMBER | |
| Edition number | 23 |
| Classification number | 813.5 |
| Author mark and year | MAC 1930 |
| 100 1# - MAIN ENTRY--PERSONAL NAME | |
| Personal name | May, Stella Burke. |
| 9 (RLIN) | 238674 |
| 245 14 - TITLE STATEMENT | |
| Title | The conqueror's lady : |
| Remainder of title | Ines Suarez / |
| Statement of responsibility, etc. | by Stella Burke May ; with a frontispiece by Jean Charlot. |
| 260 ## - PUBLICATION, DISTRIBUTION, ETC. (IMPRINT) | |
| Place of publication, distribution, etc. | New York : |
| Name of publisher, distributor, etc. | Farrar & Rinehart, incorporated, |
| Date of publication, distribution, etc. | c1930. |
| 300 ## - PHYSICAL DESCRIPTION | |
| Pagination | xiii, 331 p. : |
| Illustrations | ill. ; |
| Size | 23 cm. |
| 504 ## - BIBLIOGRAPHY, ETC. NOTE | |
| Bibliography, etc | Includes bibliography. |
| 600 10 - SUBJECT ADDED ENTRY--PERSONAL NAME | |
| Personal name | Suárez, Inés, |
| Dates associated with a name | approximately 1507-1580 |
| Personal name | Valdivia, Pedro de, |
| Dates associated with a name | 1500?-1554? |
| 651 #0 - SUBJECT ADDED ENTRY--GEOGRAPHIC NAME | |
| Geographic name | Chile |
| General subdivision | History |
| Chronological subdivision | To 1565 |
| Form subdivision | Fiction. |
| 9 (RLIN) | 238677 |
| 942 ## - ADDED ENTRY ELEMENTS (KOHA) | |
| Source of classification or shelving scheme | Dewey Decimal Classification |
| Koha item type | Books |
| Lost status | Source of classification or shelving scheme | Damaged status | Not for loan | Collection code | Permanent Location | Current Location | Shelving location | Date acquired | Source of acquisition | Total Checkouts | Full call number | Date last seen | Copy number | Koha item type |
|---|---|---|---|---|---|---|---|---|---|---|---|---|---|---|
| Dewey Decimal Classification | Not For Loan | Non-fiction | Central Library, University of Rajshahi | Central Library, University of Rajshahi | Reading Room | 10/08/1965 | U. S. I. S. | 813.5 MAC 1930 | 03/02/2020 | C-1 | Books |